|
|
|
|
| LEADER |
00000nam0a2200000 4500 |
| 001 |
86874 |
| 005 |
20231031101923.0 |
| 020 |
|
|
|a RU
|b 81-46975
|
| 035 |
|
|
|a (RuTPU)RU\TPU\book\93277
|
| 090 |
|
|
|a 86874
|
| 100 |
|
|
|a 20051130d1981 km y0rusy5003 ca
|
| 101 |
0 |
|
|a rus
|
| 102 |
|
|
|a UA
|
| 105 |
|
|
|a y z 001zy
|
| 200 |
1 |
|
|a Гармонические колебания и волны в упругих телах
|f В. Т. Гринченко, В. В. Мелешко
|g Академия наук Украинской ССР; Институт механики
|
| 210 |
|
|
|a Киев
|c Наук. думка
|d 1981
|
| 215 |
|
|
|a 283 с.
|c ил.
|d 22 см.
|
| 314 |
|
|
|a В надзаг.: АН УССР, Ин-т механики
|
| 610 |
1 |
|
|a волны
|
| 610 |
1 |
|
|a распространение
|
| 610 |
1 |
|
|a упругие среды
|
| 610 |
1 |
|
|a гармонические колебания
|
| 610 |
1 |
|
|a гармонические волны
|
| 610 |
1 |
|
|a установившиеся колебания
|
| 610 |
1 |
|
|a волноводы
|
| 610 |
1 |
|
|a вынужденные колебания
|
| 675 |
|
|
|a 534.1
|z rus
|
| 700 |
|
1 |
|a Гринченко
|b В. Т.
|g Виктор Тимофеевич
|4 070
|
| 701 |
|
1 |
|a Мелешко
|b В. В.
|g Вячеслав Владимирович
|4 070
|
| 712 |
0 |
2 |
|a Академия наук Украинской ССР (АН УССР)
|b Институт механики
|2 stltpush
|3 (RuTPU)RU\TPU\col\1205
|
| 801 |
|
0 |
|a RU
|b RuMRKP
|c 19950704
|g psbo
|
| 801 |
|
1 |
|a RU
|b 63413507
|c 20051130
|g PSBO
|
| 801 |
|
2 |
|a RU
|b 63413507
|c 20080220
|g PSBO
|
| 942 |
|
|
|c BK
|